| 000 | 01087cam a2200265 a 4500 | ||
|---|---|---|---|
| 001 | 000002580 | ||
| 005 | 20260515094837.0 | ||
| 008 | 780615s1999 ck a 001 0 spa | ||
| 020 | _a9583005592 | ||
| 040 |
_aDO-SdBNP _cMB _dDLC |
||
| 041 | 1 | 7 |
_aspa _hita _2Código de idioma MARC |
| 082 |
_a153.35 _bR685g |
||
| 100 | 1 |
_aRodari, Gianni _98123 |
|
| 240 | 1 | 0 |
_aGrammatica della fantasia; Introduzione all'arte di inventare storie. _lEspañol |
| 245 | 1 | 0 |
_aGramática de la fantasía : _bintroducción al arte de inventar historias / _cGianni Rodari; traducción, Alessandra Merlo; edición, Ricardo Rendón López. |
| 260 |
_aColombia : _bPanamericana, _c1999. |
||
| 300 |
_a228 p. : _bil. ; _c20 cm. |
||
| 534 |
_aTítulo original: _tGrammatica della fantasia; Introduzione all'arte di inventare storie |
||
| 650 | 4 |
_aPensamiento creativo _98124 |
|
| 650 | 0 |
_aNarración de cuentos _98125 |
|
| 650 | 4 |
_aActividades creativas y trabajo en clase _98126 |
|
| 700 | 1 |
_aMerlo, Alessandra _etr. _98127 |
|
| 700 | 1 |
_aRendón López, Ricardo _eed. _98128 |
|
| 910 | _aCatalogación por copia / LC | ||
| 999 |
_c2416 _d2416 |
||